Zwierzęta na literę K - Statystyki

Ogólne statystyki
  • Ten quiz został rozwiązany 2 824 razy
  • Średni wynik to 23 z 51
Statystyki odpowiedzi
Zwierzę % Poprawnych
kot
90%
koń
88%
krowa
83%
kura
83%
kaczka
73%
kangur
73%
kogut
71%
krokodyl
68%
koza
65%
koala
60%
kruk
60%
królik
57%
kuna
57%
komar
56%
karp
55%
kos
53%
kapibara
50%
krab
50%
kret
50%
kawka
48%
koliber
45%
kojot
42%
kameleon
41%
kobra
41%
kałamarnica
39%
kukułka
39%
karaluch
38%
kiwi
37%
kuropatwa
37%
konik polny
36%
kanarek
35%
karaś
34%
krewetka
34%
kleszcz
33%
konik morski
33%
kajman
32%
kakadu
32%
kaszalot
31%
kormoran
31%
kucyk
30%
kalmar
28%
kozioł
28%
koczkodan
27%
kondor
26%
kapucynka
24%
koziorożec
21%
kolczatka
20%
karaczan
18%
koszatniczka
17%
koralowiec
16%
kumak
15%
Nie znaleziono quizów pasujących do podanych kryteriów
Rozkład punktacji
Procent ludzi z każdym wynikiem
Percentyl według liczby udzielonych odpowiedzi
Twoja historia wyników
Nie rozwiązałeś tego quizu